| Tag |
First Indicator |
Second Indicator |
Subfields |
| LEADER |
00000cam a2200000La 4500 |
| 001 |
in00001746987 |
| 005 |
20220105121858.0 |
| 006 |
m u |
| 007 |
cr cn- |
| 008 |
001211s1998 nyua sb 001 0 eng d |
| 020 |
|
|
|a 0585320772 (electronic bk.)
|
| 035 |
|
|
|a (OCoLC)ocm45842542
|
| 040 |
|
|
|a N$T
|c N$T
|d OCL
|d OCLCQ
|d UtOrBLW
|
| 043 |
|
|
|a n-us---
|
| 049 |
|
|
|a IICC
|
| 050 |
1 |
4 |
|a TL789.8.U6
|b A5285 1998eb
|
| 082 |
0 |
4 |
|a 629.45/4/0973
|2 21
|
| 100 |
1 |
|
|a Zimmerman, Robert,
|d 1953-
|0 http://id.loc.gov/authorities/names/n98056922
|
| 245 |
1 |
0 |
|a Genesis :
|b the story of Apollo 8 : the first manned flight to another world /
|c by Robert Zimmerman.
|
| 264 |
|
1 |
|a New York :
|b Four Walls Eight Windows,
|c [1998]
|
| 264 |
|
4 |
|c ©1998
|
| 300 |
|
|
|a xvi, 299 pages :
|b illustrations (some color) ;
|c 24 cm.
|
| 336 |
|
|
|a text
|b txt
|2 rdacontent
|
| 337 |
|
|
|a computer
|b c
|2 rdamedia
|
| 338 |
|
|
|a online resource
|b cr
|2 rdacarrier
|
| 500 |
|
|
|a Map of part of the lunar surface of the moon as seen from Apollo 8 on endpapers.
|
| 504 |
|
|
|a Includes bibliographical references (pages [281]-290) and index.
|
| 533 |
|
|
|a Electronic reproduction.
|b Boulder, Colo. :
|c NetLibrary,
|d 2000.
|n Available via World Wide Web.
|n Access may be limited to NetLibrary affiliated libraries.
|
| 500 |
|
|
|a Electronic resource.
|
| 610 |
2 |
0 |
|a Project Apollo (U.S.)
|0 http://id.loc.gov/authorities/names/n85308634
|
| 650 |
|
0 |
|a Space flight to the moon.
|0 http://id.loc.gov/authorities/subjects/sh85125931
|
| 655 |
|
7 |
|a Electronic books.
|2 local
|
| 710 |
2 |
|
|a NetLibrary, Inc.
|0 http://id.loc.gov/authorities/names/no99080690
|
| 776 |
1 |
|
|c Original
|z 1568581181
|w (DLC) 98029963
|w (OCoLC)39379371
|
| 856 |
4 |
1 |
|u https://proxy.library.tamu.edu/login?url=http://www.netLibrary.com/urlapi.asp?action=summary&v=1&bookid=23487
|z Connect to the full text of this electronic book
|t 0
|
| 994 |
|
|
|a 92
|b IIC
|
| 999 |
|
|
|a MARS
|
| 999 |
f |
f |
|s 7f35b78c-4c31-3419-b440-940970e7ab54
|i b2c0b099-84e7-37b2-bcb6-2e64b53ac3e1
|t 0
|
| 952 |
f |
f |
|a Texas A&M University
|b College Station
|c Electronic Resources
|d Available Online
|t 0
|e TL789.8.U6 A5285 1998eb
|h Library of Congress classification
|
| 998 |
f |
f |
|a TL789.8.U6 A5285 1998eb
|t 0
|l Available Online
|